Tipologia de las máquinas eólicas para el bombeo del agua. Estado actual y perspectivas de su aplicación en la agricultura / Jordi Tió i Rotllan
Descripción Física:
p. 97 a 104 : il. ; 30 cm
MARC
| LEADER | 00000nam a2200000Ia 4500 | ||
|---|---|---|---|
| 001 | 2069 | ||
| 008 | 160829s1986] xx 000 0 cat d | ||
| 080 | |a FU-20-5 | ||
| 100 | |a Tió i Rotllan, Jordi |9 32456 | ||
| 245 | |a Tipologia de las máquinas eólicas para el bombeo del agua. Estado actual y perspectivas de su aplicación en la agricultura / Jordi Tió i Rotllan | ||
| 260 | |a Barcelona : |b Diputació de Barcelona. [Servei d'Agricultura i Ramaderia, |c 1986] | ||
| 300 | |a p. 97 a 104 : |b il. ; |c 30 cm | ||
| 590 | |a Separata de: Estudis i Monografies ; 8 : Les energies renovables en el món rural : Seminari | ||
| 650 | |a Energia eòlica |9 32457 | ||
| 650 | |a Agricultura |9 24522 | ||
| 710 | 1 | |a Barcelona (Catalunya : Província). |b Servei d'Agricultura i Ramaderia |9 54365 | |
| 901 | |a Arxiu | ||
| 942 | |n 1 | ||
| 952 | |0 0 |1 0 |4 0 |6 FU205 |7 1 |9 45989 |a Arxiu |b Arxiu |d 2016-12-01 |l 0 |o FU-20-5 |p 2069 |r 2016-12-01 00:00:00 |w 2016-12-01 |y ARXIU | ||
| 999 | |c 49490 |d 49490 | ||